European Community external protection and 1992. Voluntary export restraints applied to Pacific Asia.

Problematika ochrany dovozov do ES po r. 1992 najmä z krajín tichomorskej Ázie (ázijská štvorka), ale aj v širšom kontexte. Netarifné bariéry. Dobrovoľné vývozné obmedzenia zastrešené "Dohodou o textile". Predpokladané dôsledky zrušenia čl. 115 Rímskej dohody po r. 1992. Národné kvóty na dovoz niekt...

Descripción completa

Guardado en:
Detalles Bibliográficos
Autor principal: Hamilton, C.B
Formato: Capítulo de libro
Lenguaje:inglés
Materias:
Etiquetas: Agregar Etiqueta
Sin Etiquetas, Sea el primero en etiquetar este registro!

MARC

LEADER 00000naa a2200000 4500
001 r004667
005 20221130103108.9
041 0 |a eng 
044 |a NL 
245 1 0 |a European Community external protection and 1992.  |b Voluntary export restraints applied to Pacific Asia.  |c C.B. Hamilton 
520 |a Problematika ochrany dovozov do ES po r. 1992 najmä z krajín tichomorskej Ázie (ázijská štvorka), ale aj v širšom kontexte. Netarifné bariéry. Dobrovoľné vývozné obmedzenia zastrešené "Dohodou o textile". Predpokladané dôsledky zrušenia čl. 115 Rímskej dohody po r. 1992. Národné kvóty na dovoz niektorých senzitívnych výrobkov do ES. Dopad zmien vo východnej Európe. 
610 2 0 |a Európske spoločenstvá 
610 2 0 |a dovoz 
610 2 0 |a Ázia 
610 2 0 |a východná Európa 
610 2 0 |a obmedzenia dovozné 
610 2 0 |a 1992 
610 2 0 |a protekcionizmus 
100 1 |a Hamilton, C.B.